<?xml version="1.0" encoding="UTF-8"?>
<record
    xmlns:xsi="http://www.w3.org/2001/XMLSchema-instance"
    xsi:schemaLocation="http://www.loc.gov/MARC21/slim http://www.loc.gov/standards/marcxml/schema/MARC21slim.xsd"
    xmlns="http://www.loc.gov/MARC21/slim">

  <leader>05255cam a22005054i 4500</leader>
  <controlfield tag="003">PE-LiUPU</controlfield>
  <controlfield tag="005">20250731173430.0</controlfield>
  <controlfield tag="008">150706s2012    flua    rb    000 0 spa d</controlfield>
  <datafield tag="020" ind1=" " ind2=" ">
    <subfield code="a">0789919745</subfield>
  </datafield>
  <datafield tag="020" ind1=" " ind2=" ">
    <subfield code="a">9780789919748</subfield>
  </datafield>
  <datafield tag="035" ind1=" " ind2=" ">
    <subfield code="a">(Sirsi) i9780789919748</subfield>
  </datafield>
  <datafield tag="040" ind1=" " ind2=" ">
    <subfield code="a">PE-LiUPU</subfield>
    <subfield code="b">spa</subfield>
    <subfield code="c">PE-LiUPU</subfield>
    <subfield code="e">rda</subfield>
  </datafield>
  <datafield tag="049" ind1=" " ind2=" ">
    <subfield code="a">PRUA</subfield>
  </datafield>
  <datafield tag="082" ind1="0" ind2="4">
    <subfield code="a">253</subfield>
    <subfield code="b">H22</subfield>
    <subfield code="2">21</subfield>
  </datafield>
  <datafield tag="100" ind1="1" ind2=" ">
    <subfield code="a">Harper, Tom R.,</subfield>
    <subfield code="e">autor.</subfield>
  </datafield>
  <datafield tag="245" ind1="1" ind2="0">
    <subfield code="a">Lidera en el foso de los leones /</subfield>
    <subfield code="c">Tom R. Harper.</subfield>
  </datafield>
  <datafield tag="264" ind1=" " ind2="1">
    <subfield code="a">Miami :</subfield>
    <subfield code="b">Unilit,</subfield>
    <subfield code="c">2012.</subfield>
  </datafield>
  <datafield tag="300" ind1=" " ind2=" ">
    <subfield code="a">254 p&#xE1;ginas :</subfield>
    <subfield code="b">ilustraciones ;</subfield>
    <subfield code="c">21 cent&#xED;metros</subfield>
  </datafield>
  <datafield tag="336" ind1=" " ind2=" ">
    <subfield code="a">text</subfield>
    <subfield code="2">rdacontent</subfield>
  </datafield>
  <datafield tag="337" ind1=" " ind2=" ">
    <subfield code="a">unmediated</subfield>
    <subfield code="2">rdamedia</subfield>
  </datafield>
  <datafield tag="338" ind1=" " ind2=" ">
    <subfield code="a">volume</subfield>
    <subfield code="2">rdacarrier</subfield>
  </datafield>
  <datafield tag="500" ind1=" " ind2=" ">
    <subfield code="a">Traducci&#xF3;n de: Leading from the Lion&#xB4;s Den.</subfield>
  </datafield>
  <datafield tag="504" ind1=" " ind2=" ">
    <subfield code="a">Incluye notas bibliogr&#xE1;ficas.</subfield>
  </datafield>
  <datafield tag="505" ind1="0" ind2=" ">
    <subfield code="a">L&#xED;deres con coraz&#xF3;n de le&#xF3;n -- Activa la creatividad de cerebro: G&#xE9;nesis -- Reconstruye tus sue&#xF1;os sobre sus propias ruinas: &#xC9;xodo -- Trata bien a tus empleados: lev&#xED;tico -- Infunde una fortaleza espiritual de estilo militar: N&#xFA;meros -- Gu&#xED;a a trav&#xE9;s de historias: Deuteronomio -- Sal con lentitud y en silencio: Josu&#xE9; -- Levanta la reputaci&#xF3;n de quienes te critiquen: Jueces -- Mezcla la amistad con los negocios: Rut -- Recluta gente incompleta: 1 Samuel -- No te pares en el portal del frente: 2 Samuel -- No sigas el ejemplo de aguante del rey Salom&#xF3;n: 1 Reyes -- Levanta un ej&#xE9;rcito de profetas: 2 Reyes -- Desfragmenta tu empresa mediante el descubrimiento de sus fuerzas d&#xE9;biles: 1 Cr&#xF3;nicas -- Alinea tus reuniones externas de tres maneras: 2 Cr&#xF3;nicas -- Construye primero un templo y despu&#xE9;s levanta una cultura: Esdras -- A continuaci&#xF3;n, levanta un muro: Nehem&#xED;as -- Espera cincuenta respuestas cuando preguntes por qu&#xE9;: Ester -- Admite tu impotencia: Job -- Mueve la mente y calma el esp&#xED;ritu con la m&#xFA;sica: Salmos -- No discutas. &#xA1;Nunca!: Proverbios -- Combate la inutilidad del &#xE9;xito: Eclesiast&#xE9;s -- Aprenda el secreto de amar tu trabajo: Cantar de los Cantares -- Gu&#xED;a con el pu&#xF1;o de hierro de la Fe: Isa&#xED;as -- Combate el agotamiento con el regreso al Trabajo # 1: Jerem&#xED;as -- Cumple tus amenazas: Lamentaciones -- S&#xE9; un rey del drama (o una reina): Ezequiel -- Entra confiado en tu foso de leones: Daniel -- Motiva menos a tu gente: Oseas -- Defiende tu carrera de las langostas: Joel -- Gu&#xED;a como un durmiente Imparcial: Amos -- Som&#xE9;tete a la ley de la negatividad permanente: Abd&#xED;as -- Desecha tu plan: Jon&#xE1;s -- Gu&#xED;a como un humilde dictador: Miqueas -- Combate las fuerzas superiores con car&#xE1;cter superior: Nah&#xFA;m -- Espera tu gran d&#xED;a: Habacuc -- No escuches a tus clientes: Sofon&#xED;as -- Dale vuelta a tu organizaci&#xF3;n antes que te obliguen: Hageo -- Cuando la misi&#xF3;n parezca imposible, enf&#xF3;cate en una superior: Zacar&#xED;as -- No te centres tanto en las necesidades expresadas: Malaqu&#xED;as -- Inmisc&#xFA;yete en la vida de tus empleados: Mateo -- Purifica tus relaciones p&#xFA;blicas al evitar la popularidad: Marcos -- Descubre el verdadero car&#xE1;cter de alguien con dos pruebas: Lucas -- Eleva tu perfil como l&#xED;der con tres t&#xE1;cticas: Juan -- Genera energ&#xED;a antes del crecimiento: Hechos -- Ayuda a la competencia: Romanos -- Toma grandes decisiones con insensatez estrat&#xE9;gica: 1 Corintios -- Cuando se multipliquen los problemas, quita y elimina: 2 Corintios -- Si quieres corresponder, no te conformes con la caridad: G&#xE1;latas -- Empapa tu escudo antes de la batalla: Efesios -- Cultiva triunfadores al sembrar entusiasmo: Filipenses -- No caiga en la pasi&#xF3;n equivocada ni en r&#xED;os lodosos: Colosenses -- Cierra el desag&#xFC;e: 1 Tesalonicenses -- Gu&#xED;a como un h&#xED;brido Paulino: 2 Tesalonicenses -- Lanza nuevos l&#xED;deres al foso: 1 Timoteo -- Adopta la visi&#xF3;n de futuro del agricultor: 2 Timoteo -- Combina la investigaci&#xF3;n apreciativa con el debate parlamentario: Tito -- Media en la los conflictos al jugar ping-pong: Filem&#xF3;n -- Viste tus pensamientos antes que escapen como renegados desnudos: Hebreos -- Quema tus pensamientos antes que lleguen a la lengua: Santiago -- Contrata a unos cuantos Rowan: 1 Pedro -- Reduce tus lamentos: 2 Pedro -- Elimina el temor con una sola arma: 1 Juan -- Sacrif&#xED;cate, pide disculpas y no busques tu propia felicidad: 2 Juan -- Aniquila a los traficantes de poder: 3 Juan -- Otorgar cuatro clases de misericordia --- Judas -- El trabajo en Filadelfia: Apocalipsis -- El modelo divino de liderazgo.</subfield>
  </datafield>
  <datafield tag="526" ind1=" " ind2=" ">
    <subfield code="a">SEG42</subfield>
  </datafield>
  <datafield tag="526" ind1=" " ind2=" ">
    <subfield code="a">SEG41</subfield>
  </datafield>
  <datafield tag="526" ind1=" " ind2=" ">
    <subfield code="a">SEG40</subfield>
  </datafield>
  <datafield tag="526" ind1=" " ind2=" ">
    <subfield code="a">SEG39</subfield>
  </datafield>
  <datafield tag="526" ind1=" " ind2=" ">
    <subfield code="a">P94</subfield>
  </datafield>
  <datafield tag="526" ind1=" " ind2=" ">
    <subfield code="a">P87</subfield>
  </datafield>
  <datafield tag="526" ind1=" " ind2=" ">
    <subfield code="a">P86</subfield>
  </datafield>
  <datafield tag="526" ind1=" " ind2=" ">
    <subfield code="a">P85</subfield>
  </datafield>
  <datafield tag="526" ind1=" " ind2=" ">
    <subfield code="a">P77</subfield>
  </datafield>
  <datafield tag="526" ind1=" " ind2=" ">
    <subfield code="a">P76</subfield>
  </datafield>
  <datafield tag="526" ind1=" " ind2=" ">
    <subfield code="a">P35</subfield>
  </datafield>
  <datafield tag="541" ind1=" " ind2=" ">
    <subfield code="g">001-0000627;</subfield>
  </datafield>
  <datafield tag="650" ind1="0" ind2="4">
    <subfield code="a">Liderazgo crsitiano</subfield>
    <subfield code="x">Ense&#xF1;anza b&#xED;blica.</subfield>
  </datafield>
  <datafield tag="650" ind1="0" ind2="4">
    <subfield code="a">Liderazgo</subfield>
    <subfield code="x">Cristianismo.</subfield>
  </datafield>
  <datafield tag="910" ind1=" " ind2=" ">
    <subfield code="c">jck</subfield>
    <subfield code="d">20130506</subfield>
  </datafield>
  <datafield tag="942" ind1=" " ind2=" ">
    <subfield code="2">ddc</subfield>
    <subfield code="c">BOOK</subfield>
  </datafield>
  <datafield tag="949" ind1=" " ind2=" ">
    <subfield code="a">253 H22</subfield>
    <subfield code="w">DEWEY</subfield>
    <subfield code="c">1</subfield>
    <subfield code="i">67077</subfield>
    <subfield code="l">CCODEBUL1</subfield>
    <subfield code="m">BUL</subfield>
    <subfield code="p">15.00</subfield>
    <subfield code="r">0</subfield>
    <subfield code="s">Y</subfield>
    <subfield code="t">BOOK</subfield>
    <subfield code="u">2015-7-6</subfield>
    <subfield code="x">TEOLOGIA</subfield>
    <subfield code="P">P35</subfield>
    <subfield code="o">.STAFF. Colecci&#xF3;n General</subfield>
  </datafield>
  <datafield tag="994" ind1=" " ind2=" ">
    <subfield code="a">C0</subfield>
    <subfield code="b">PEPRU</subfield>
  </datafield>
  <datafield tag="596" ind1=" " ind2=" ">
    <subfield code="a">1</subfield>
  </datafield>
  <datafield tag="999" ind1=" " ind2=" ">
    <subfield code="a">253 H22</subfield>
    <subfield code="w">DEWEY</subfield>
    <subfield code="c">54786</subfield>
    <subfield code="i">67077</subfield>
    <subfield code="d">54786</subfield>
    <subfield code="e">2022-6-10</subfield>
    <subfield code="f">2021-11-10</subfield>
    <subfield code="g">4</subfield>
    <subfield code="l">CCODEBUL1</subfield>
    <subfield code="m">BUL</subfield>
    <subfield code="n">5</subfield>
    <subfield code="p">15.00</subfield>
    <subfield code="q">1</subfield>
    <subfield code="r">0</subfield>
    <subfield code="s">Y</subfield>
    <subfield code="t">BOOK</subfield>
    <subfield code="u">2015-7-6</subfield>
    <subfield code="x">TEOLOGIA</subfield>
    <subfield code="P">P35</subfield>
    <subfield code="0">COMPRA</subfield>
    <subfield code="o">.STAFF. Colecci&#xF3;n Teolog&#xED;a</subfield>
  </datafield>
  <datafield tag="980" ind1=" " ind2=" ">
    <subfield code="8">1</subfield>
    <subfield code="g">ALBERTO SANCHEZ Responsable de Automatizaci&#xF3;n</subfield>
  </datafield>
  <datafield tag="952" ind1=" " ind2=" ">
    <subfield code="r">2025-12-03 00:00:00</subfield>
    <subfield code="i">5</subfield>
    <subfield code="l">5</subfield>
    <subfield code="o">253 H22</subfield>
    <subfield code="p">67077</subfield>
    <subfield code="s">2022-06-10</subfield>
    <subfield code="t">e1</subfield>
    <subfield code="v">20.00</subfield>
    <subfield code="w">2015-07-06</subfield>
    <subfield code="x">FT</subfield>
    <subfield code="y">BK</subfield>
    <subfield code="z">inventario-2023-12-13</subfield>
    <subfield code="1">0</subfield>
    <subfield code="2">ddc</subfield>
    <subfield code="5">0</subfield>
    <subfield code="7">0</subfield>
    <subfield code="8">GEN</subfield>
    <subfield code="f">P35</subfield>
    <subfield code="a">BUL</subfield>
    <subfield code="b">BUL</subfield>
    <subfield code="c">GEN</subfield>
    <subfield code="d">2015-07-06</subfield>
    <subfield code="e">COMPRA</subfield>
    <subfield code="g">15.00</subfield>
  </datafield>
</record>
